Les prénoms qui ont un sens initiale C - Statistiques

Statistiques générales
  • Ce quiz a été pris 130 fois
  • Le résultat moyen est 11 sur 20
Statistiques - réponses
Sens Sexe Prénom Célébrités ou personnage % Correct
Lune F Céline Dion
94%
Oint du Seigneur M Christian Clavier
92%
Pure F Catherine Deneuve
91%
Seigneur M Cyril Lignac
91%
Qui porte le Christ M Christophe Lambert
84%
Disciple du Christ F Christine Bravo
82%
Homme M Charles Berling
78%
Illustre au combat M Clovis Cornillac
76%
Aveugle F Cécile de France
73%
Boiteux F/M Claude Rich
68%
Force F Caroline de Monaco
57%
Lumineuse F Claire Borotra
57%
Seigneur de guerre M Cédric Pioline
51%
Glorieuse au combat F Clotilde Coureau
45%
Indulgente F Clémence Saint-Preux
29%
Aimée F Carine d'Ancyre
17%
Couper M César Ollivier
14%
De Chypre M Cyprien -
10%
Blanc M Candide Thovex
8%
Corbeau M Corneille de La Haye
8%
Aucun quiz correspondant
Distribution des résultats
% des personnes avec chaque résultat
Percentile par nombre de réponses
Votre historique - résultats
Vous n’avez pas pris ce quiz